000 00708nam a22002292 4500
001 0000021235
005 20151217152228.0
008 120207s xx 000 0 eng d
020 _a1848601895 :
040 _aKABU
_cKABU
100 1 _aKoshy, Elizabeth.
_@0000182024
245 1 0 _aAction research in healthcare /
_cElizabeth Koshy, Valsa Koshy, Heather Waterman.
250 _a1st ed.
260 _aLondon :
_bSage,
_c2011.
300 _axiv, 185 p.
650 0 _aMedical care
_xResearch.
_@0000182025
700 1 _aKoshy, Valsa.
_@0000182026
700 1 _aWaterman, Heather.
_@0000182027
852 1 _9p4574.40 KES
908 _a120207
950 _@1
999 _c9612
_d9612